Điều tra tình hình chăn nuôi và ảnh hưởng của các mức đạm lên sự tiêu hóa khẩu phần và tăng trọng của cừu ở Đồng bằng sông Cửu Long
Nội dung đề tài nghiên cứu hiện trạng chăn nuôi cừu hiện nay, tiềm năng và hướng phát triển đàn cừu ở ĐBSCL trong tương lai.Tìm ra mức độ đạm phù hợp nhất trong khẩu phần nuôi dưỡng cừu để khuyến cáo cho người chăn nuôi....
Đã lưu trong:
| Hovedforfatter: | |
|---|---|
| Format: | Bog |
| Sprog: | Undetermined |
| Udgivet: |
Cần Thơ
Trường Đại học Cần Thơ
2008
|
| Fag: | |
| Tags: |
Tilføj Tag
Ingen Tags, Vær først til at tagge denne postø!
|
| Thư viện lưu trữ: | Trung tâm Học liệu Trường Đại học Cần Thơ |
|---|
| LEADER | 01165nam a2200205Ia 4500 | ||
|---|---|---|---|
| 001 | CTU_137305 | ||
| 008 | 210402s9999 xx 000 0 und d | ||
| 082 | |a 636.3 | ||
| 082 | |b M312 | ||
| 088 | |a 60620105 | ||
| 100 | |a Phạm, Vũ Minh | ||
| 245 | 0 | |a Điều tra tình hình chăn nuôi và ảnh hưởng của các mức đạm lên sự tiêu hóa khẩu phần và tăng trọng của cừu ở Đồng bằng sông Cửu Long | |
| 245 | 0 | |c Phạm Vũ Minh ; Nguyễn Văn Thu giáo viên hướng dẫn | |
| 260 | |a Cần Thơ | ||
| 260 | |b Trường Đại học Cần Thơ | ||
| 260 | |c 2008 | ||
| 520 | |a Nội dung đề tài nghiên cứu hiện trạng chăn nuôi cừu hiện nay, tiềm năng và hướng phát triển đàn cừu ở ĐBSCL trong tương lai.Tìm ra mức độ đạm phù hợp nhất trong khẩu phần nuôi dưỡng cừu để khuyến cáo cho người chăn nuôi. | ||
| 650 | |a Chăn nuôi cừu,Sheep breeds | ||
| 904 | |i Tuyến | ||
| 980 | |a Trung tâm Học liệu Trường Đại học Cần Thơ | ||